| 000 | 00601cam8a220021700 4500 | ||
|---|---|---|---|
| 001 | zam00002321 | ||
| 008 | 951128s1973 xx eng u | ||
| 035 | _a(Sirsi) r19700 | ||
| 035 | _a(MACHINE)SLC. | ||
| 100 |
_aPachal, B. _6A80673.1 |
||
| 245 | 1 | 0 |
_aMalawi : _bthe history of the nation. |
| 260 | _c1973. | ||
| 949 |
_aDT853 _wlcc _mMAIN _tBOOK _lON-SHELF |
||
| 004 | 19700 | ||
| 591 | _aClass code: H 410. | ||
| 591 | _aCourse: Land and labour in central Africa. | ||
| 591 | _aSchool: S05. | ||
| 591 | _aLecturer: Dr. CHIPUNGU, S. | ||
| 591 | _aNumber of Students: 14. | ||
| 909 | _aBook | ||
| 999 |
_c169569 _d169569 |
||